[Event "ROM-ch U10 Girls"]
[Site "Calimanesti"]
[Date "2014.04.09"]
[Round "5"]
[White "Radulescu, Georgiana Monica"]
[Black "Serbanuta, Teodora"]
[Result "0-1"]
[WhiteElo "1001"]
[BlackElo "1004"]
[PlyCount "78"]
[EventDate "2014.04.06"]
[EventType "swiss"]
[EventRounds "9"]
[EventCountry "ROU"]
[SourceTitle "CBM 160 Extra"]
[Source "ChessBase"]
[SourceDate "2014.07.01"]
[SourceVersion "1"]
[SourceVersionDate "2014.07.01"]
[SourceQuality "1"]

1. e4 c5 2. Bc4 d6 3. Nc3 Nf6 4. d3 e6 5. Nf3 Be7 6. 0-0 0-0 7. Bg5 a6 8. Qd2 b5 9. Bb3 Nbd7 10. a3 Qc7 11. Rfe1 Bb7 12. Re2 h6 13. Bh4 Rfe8 14. Rae1 Ne5 15. Nxe5 dxe5 16. a4 b4 17. Nb1 Ng4 18. h3 Bxh4 19. hxg4 Qe7 20. a5 Bg5 21. Qd1 Bf4 22. Ba4 Qh4 23. g3 Bxg3 24. fxg3 Qxg3+ 25. Rg2 Qh3 26. Bxe8 Rxe8 27. Qc1 Qf3 28. Re3 Qf4 29. Rgg3 Bc6 30. Nd2 Bb5 31. Ref3 Qg5 32. c4 Ba4 33. b3 Bc6 34. Rf2 Qh4 35. Kg2 Rd8 36. Nf3 Qf6 37. Ne1 Qh4 38. Qe3 f6 39. g5 f5 0-1